| 000 | 01079nam a22002415i 4500 | ||
|---|---|---|---|
| 001 | 152175 | ||
| 003 | ES-MaACL | ||
| 005 | 20231103062534.0 | ||
| 008 | 990910m18471862fr |||| | fre d | ||
| 040 |
_aCCPB | B _bspa _cCCPB | B |
||
| 100 | 1 |
_aBlanc, Louis. _929112 |
|
| 245 | 1 | 0 |
_aHistoire de la révolution française / _cpar Louis Blanc. |
| 250 | _aÉdition française faite à Paris sous les yeux de l'auteur. | ||
| 260 |
_aParis : _bLanglois et Leclerq : _bPagnerre : _bPerrotin, _c1847-1862 ( _fImprimerie de Crapelet) |
||
| 300 |
_a12 v. ; _c23 cm. |
||
| 596 | 1 | _aDatos de imp. tomados de v. de antep. | |
| 596 | _aEl pie de imprenta cambia con los v.: t. VI, VII, VIII, X: Langlois et Leclerq; Furne et Cie. | ||
| 597 | _aAntep. | ||
| 597 | 1 | _aDescripción basada en t. I. | |
| 651 | 4 |
_aFrancia- _xHistoria- _y1789-1799, Revolución _98685 |
|
| 852 |
_aES-MaACL _jF-6318-29 _z-- Enc. hol.. -- En el pie de imp. del T. III-X consta: Langlois et Leclercq : Furne et C. : Pagnerre : Perrotin en los T. XI-XII Pagnerre : Furne et C. |
||
| 999 |
_c152175 _d152175 |
||